Statistics for All Teams Promoted To/Relegated From the Top 5 Leagues in 2022

Click here to take the quiz!

General Stats

  • This quiz has been taken 43 times
  • The average score is 15 of 28

Answer Stats

CountryAnswer% Correct
EnglandPromotedFulham FC
88%
EnglandRelegatedBurnley
86%
EnglandRelegatedNorwich City
86%
EnglandPromotedAFC Bournemouth
79%
EnglandPromotedNottingham Forest
76%
EnglandRelegatedWatford
76%
FranceRelegatedSaint-Etienne
62%
GermanyPromotedSchalke 04
62%
FranceRelegatedGirondins Bordeaux
60%
FrancePromotedAJ Auxerre
57%
SpainPromotedGirona FC
50%
GermanyPromotedWerder Bremen
50%
FrancePromotedAC Ajaccio
48%
ItalyRelegatedGenoa
48%
SpainRelegatedDeportivo Alaves
45%
SpainRelegatedGranada
45%
SpainRelegatedLevante
45%
SpainPromotedReal Valladolid
45%
ItalyPromotedAC Monza
43%
SpainPromotedAlmeria
43%
ItalyPromotedLecce
43%
FrancePromotedToulouse
43%
ItalyRelegatedVenezia
40%
GermanyRelegatedArminia Bielefeld
38%
ItalyRelegatedCagliari
38%
FranceRelegatedFC Metz
38%
ItalyPromotedCremonese
36%
GermanyRelegatedGreuther Fürth
33%

Score Distribution

Percentile by Number Answered

Percent of People with Each Score

Your Score History

You have not taken this quiz